000 00300nam a22001337a 4500
003 SGT
082 _a615.15
_bDAL
100 _aDALAI, MANOJ KUMAR
245 _aMEDICINAL CHEMISTRY-III
260 _aINDIA
_bPHARMAMED PUB.
_c2024
300 _a235
650 _aMEDICINAL CHEMISTRY
942 _2ddc
_cBK
999 _c32429
_d32429